|
|
|
|
| LEADER |
00000nab a2200000 a 4500 |
| 003 |
Ucuenca |
| 005 |
20231108062552.0 |
| 008 |
000000| ||||||||r|||||||||||spa|| |
| 040 |
|
|
|b spa
|
| 041 |
0 |
|
|a spa
|
| 082 |
0 |
|
|a 050
|b U48a
|
| 100 |
1 |
|
|a Cordero y León, Gregorio
|9 6964
|
| 245 |
|
|
|a Montalvo, el hombre, el luchador y el escritor
|c Gregorio Cordero y León
|h imp
|
| 264 |
|
|
|a Cuenca
|b Universidad de Cuenca
|c Enero Marzo de 1954
|
| 300 |
|
|
|a páginas: 79-109
|c 22 cm
|
| 362 |
|
|
|a Tomo X; no. 1 (Enero Marzo de 1954)
|
| 504 |
|
|
|a incl. ref.
|
| 610 |
0 |
0 |
|a
|9 82
|
| 650 |
0 |
0 |
|a Revista Anales
|9 5786
|
| 852 |
|
|
|a UC-CDJBV
|f Donación
|l 1
|m General
|p 00000000
|r 2
|b 0
|d CDRC
|e CDRC
|g 050 U48a TERCER PISO (SECCION REVISTAS)
|z 0000-00-00
|
| 942 |
|
|
|c SERA
|
| 773 |
0 |
|
|0 94569
|9 130120
|a Universidad de Cuenca
|d Cuenca Universidad de Cuenca Enero Marzo de 1954
|o 46801
|t Anales de la Universidad de Cuenca
|w (Ucuenca)46801
|
| 999 |
|
|
|c 109150
|d 109150
|